000
00208 a2200097 4500
001
48314
100
_a
Gowers, E
245
_a
A life for a life
260
_a
London
_b
Chatto windus
_c
090
_c
31264
_d
31264
942
_a
NUST-CAE
_c
M
_c
23630
999
_c
283387
_d
283387